Информационные технологии: электронный курс
| Main Author: | |
|---|---|
| Corporate Author: | |
| Summary: | Заглавие с экрана Курс "Информационные технологии" предназначен для изучения современных подходов к построению математического и программного обеспечения информационных систем. Особое внимание уделяется формированию у студентов практических навыков применения прикладных программ к решению задач математической обработки и анализа данных. Сформированные в результате изучения дисциплины компетенции помогут при изучении общих и специальных дисциплин, в практической инженерной деятельности. Доступ по логину и паролю |
| Language: | Russian |
| Published: |
Томск, TPU Moodle, 2015
|
| Subjects: | |
| Online Access: | https://design.lms.tpu.ru/course/view.php?id=613 |
| Format: | Electronic Book |
| KOHA link: | https://koha.lib.tpu.ru/cgi-bin/koha/opac-detail.pl?biblionumber=651906 |
MARC
| LEADER | 00000nlm0a2200000 4500 | ||
|---|---|---|---|
| 001 | 651906 | ||
| 005 | 20240208144407.0 | ||
| 035 | |a (RuTPU)RU\TPU\network\17169 | ||
| 035 | |a RU\TPU\network\17168 | ||
| 090 | |a 651906 | ||
| 100 | |a 20161125d2015 m y0rusy50 ca | ||
| 101 | 0 | |a rus | |
| 102 | |a RU | ||
| 105 | |a a j 000zy | ||
| 135 | |a jrcn ---uucaa | ||
| 181 | 0 | |a i | |
| 182 | 0 | |a b | |
| 200 | 1 | |a Информационные технологии |e электронный курс |f С. А. Степанов |g Национальный исследовательский Томский политехнический университет (ТПУ), Институт физики высоких технологий (ИФВТ), Кафедра лазерной и световой техники (ЛиСТ) | |
| 203 | |a Текст |c электронный | ||
| 210 | |a Томск |c TPU Moodle |d 2015 | ||
| 300 | |a Заглавие с экрана | ||
| 330 | |a Курс "Информационные технологии" предназначен для изучения современных подходов к построению математического и программного обеспечения информационных систем. Особое внимание уделяется формированию у студентов практических навыков применения прикладных программ к решению задач математической обработки и анализа данных. Сформированные в результате изучения дисциплины компетенции помогут при изучении общих и специальных дисциплин, в практической инженерной деятельности. | ||
| 333 | |a Доступ по логину и паролю | ||
| 606 | 1 | |a Информационные технологии |x Вычислительная техника |2 stltpush |3 (RuTPU)RU\TPU\subj\36205 |9 57667 | |
| 610 | 1 | |a электронный ресурс | |
| 610 | 1 | |a труды учёных ТПУ | |
| 610 | 1 | |a электронное обучение | |
| 610 | 1 | |a электронные курсы ТПУ | |
| 610 | 1 | |a личность | |
| 610 | 1 | |a окружение | |
| 610 | 1 | |a магазины | |
| 610 | 1 | |a здоровье | |
| 610 | 1 | |a здания | |
| 610 | 1 | |a развлечения | |
| 610 | 1 | |a направления | |
| 610 | 1 | |a герундий | |
| 610 | 1 | |a инфинитив | |
| 610 | 1 | |a местоимения | |
| 610 | 1 | |a существительные | |
| 610 | 1 | |a грамматика | |
| 610 | 1 | |a лексика | |
| 610 | 1 | |a электронные учебные пособия | |
| 610 | 1 | |a учебные пособия | |
| 675 | |a 004(075.8) |v 4 | ||
| 700 | 1 | |a Степанов |b С. А. |c специалист в области светотехники |c инженер Томского политехнического университета |f 1986- |g Сергей Александрович |3 (RuTPU)RU\TPU\pers\30150 |9 14555 | |
| 712 | 0 | 2 | |a Национальный исследовательский Томский политехнический университет (ТПУ) |b Институт физики высоких технологий (ИФВТ) |b Кафедра лазерной и световой техники (ЛиСТ) |3 (RuTPU)RU\TPU\col\18690 |
| 801 | 2 | |a RU |b 63413507 |c 20211116 |g RCR | |
| 856 | 4 | |u https://design.lms.tpu.ru/course/view.php?id=613 | |
| 942 | |c CF | ||